|
|
|
|
| LEADER |
03358nam a2200445 a 4500 |
| 001 |
EBC3021998 |
| 003 |
MiAaPQ |
| 005 |
20200520144314.0 |
| 006 |
m o d | |
| 007 |
cr cn||||||||| |
| 008 |
101021s2011 nyuad sb 001 0 eng d |
| 010 |
|
|
|z 2010044705
|
| 020 |
|
|
|z 9781611229363 (hardcover)
|
| 020 |
|
|
|a 9781621001546 (electronic bk.)
|
| 035 |
|
|
|a (MiAaPQ)EBC3021998
|
| 035 |
|
|
|a (Au-PeEL)EBL3021998
|
| 035 |
|
|
|a (CaPaEBR)ebr10686323
|
| 035 |
|
|
|a (OCoLC)839304369
|
| 040 |
|
|
|a MiAaPQ
|c MiAaPQ
|d MiAaPQ
|
| 050 |
|
4 |
|a HB615
|b .B88 2011
|
| 082 |
0 |
4 |
|a 658
|2 22
|
| 245 |
0 |
0 |
|a Business and finance
|h [electronic resource] :
|b performance and management /
|c Richard B. Morland and Anthony J. Gagglione, editors.
|
| 260 |
|
|
|a Hauppauge, N.Y. :
|b Nova Science Publishers,
|c c2011.
|
| 300 |
|
|
|a xi, 243 p. :
|b ill. (some col.).
|
| 490 |
1 |
|
|a Business economics in a rapidly-changing world
|
| 490 |
1 |
|
|a Business issues, competition and entrepreneurship
|
| 504 |
|
|
|a Includes bibliographical references and index.
|
| 505 |
0 |
|
|a Estimation of value at risk for heteroscedastic and heavy-tailed asset time series : evidence from emerging Asian stock markets / Tzu-Chuan Kao and Chu-Hsiung Lin -- Customer related factors in partner selection, market orientation, and performances of international joint ventures in Taiwan / Frank F. C. Pan and Tsuen-Ho Hsu -- On managing the uncertain : observations of project management / Markus Hallgren -- The adoption of laser technology in Italian art restoration firms : the role of suppliers and clients / Karen Venturinia and Chiara Verbano -- Consolidation and determinants of bank efficiency : empirical evidence from Malaysia / Fadzlan Sufian -- The changing face of international HRM and business : case studies of Japanese and Taiwanese companies operating in China / Ying Zhu, Imogen Chen and Takamichi Mito -- The microcluster value chain analysis / Josep Capo-Vicedo, Manuel Exposito-Langa and Jose-Vicente Tomas-Miquel -- Seeing through the eyes of clients : the link between microfinance and well-being in rural Ghanaian households / Cynthia Arku, Helen Hambly Odame and Frank S. Arku -- Markov manpower systems in quantitative human resource management / Marie-Anne Guerry and Tim De Feyter -- Can corporate taxation be explained by limited liability? / Anton Miglo -- Empire-building : underinvestment and capital gain taxation / Anton Miglo -- Are the high-order moments of the assets returns distribution forecastable? / Trino Manuel Niguez -- Misery as corporate mission : user imagery at the nightclub the spy bar / Niklas Egels-Zanden and Ulf Agerup.
|
| 533 |
|
|
|a Electronic reproduction. Ann Arbor, MI : ProQuest, 2015. Available via World Wide Web. Access may be limited to ProQuest affiliated libraries.
|
| 650 |
|
0 |
|a Entrepreneurship
|v Case studies.
|
| 650 |
|
0 |
|a Economic policy
|v Case studies.
|
| 650 |
|
0 |
|a Fiscal policy
|v Case studies.
|
| 650 |
|
0 |
|a Economic development
|v Case studies.
|
| 655 |
|
4 |
|a Electronic books.
|
| 700 |
1 |
|
|a Morland, Richard B.
|
| 700 |
1 |
|
|a Gagglione, Anthony J.
|
| 710 |
2 |
|
|a ProQuest (Firm)
|
| 830 |
|
0 |
|a Business economics in a rapidly-changing world series.
|
| 830 |
|
0 |
|a Business issues, competition and entrepreneurship series.
|
| 856 |
4 |
0 |
|u https://ebookcentral.proquest.com/lib/matrademy/detail.action?docID=3021998
|z Click to View
|